Statistiken für Wörter mit drei U's

Klicken Sie hier um das Quiz zu spielen!

Allgemein

  • Dieses Quiz wurde 1.451 mal gespielt
  • Das Durchschnittsergebnis liegt bei 9 aus 20

Antwortstatistiken

BeschreibungAntwort% Korrekt
Wird vom Standesamt für neugeborene Kinder ausgestelltGeburtsurkunde
84%
eines der kleinsten Länder in SüdamerikaUruguay
84%
900.000Neunhunderttausend
82%
führt beispielsweise ein Arzt oder ein Staatsanwalt durchUntersuchung
80%
Dort kann man für eine Münze eine bunte Kugel ziehen, die man sich in den Mund stecktKaugummiautomat
76%
traditionsreiches Zeitmessgerät aus dem SchwarzwaldKuckucksuhr
67%
Ein Pilot, der lieber Bäcker werden will, muss diese durchlaufenUmschulung
63%
Tasche, in der man Wasch- und Pflegeartikel mit auf Reisen nimmtKulturbeutel
62%
erster römischer KaiserAugustus
58%
Pasta-OfengerichtNudelauflauf
46%
ehemals Ayers RockUluru
44%
Haufen- oder QuellwolkeCumulus
34%
erfolgreicher Song von Tom Jones: "It's not ..."unusual
23%
inakzeptabel, nicht zu vertretenunzumutbar
23%
größte Stadt im US-Bundesstaat New MexicoAlbuquerque
20%
Hauptstadt von Burkina FasoOuagadougou
20%
strafbare Unterschlagung von fremdem VermögenVeruntreuung
15%
Ensemble von Ausstellungsstätten entlang des Mains in FrankfurtMuseumsufer
11%
ehemalige Hauptstadt von BurundiBujumbura
6%
So gibt man etwas zu, wenn man gar nicht erst versucht, es zu verheimlichenunumwunden
6%

Verteilung der Resultate

Perzentil nach korrekt beantworteten Fragen

Anzahl Personen mit jedem Resultat

Ihre Resultats-Entwicklung

Sie haben dieses Quiz noch nicht gespielt